| 000 | 011010000a22002770004500 | ||
|---|---|---|---|
| 001 | 48768 | ||
| 100 | _a20120516d2012 e y0pory5003 ba | ||
| 101 | 0 | _apor | |
| 102 | _aPT | ||
| 200 | 1 |
_aA menina do mar _fSophia de Mello Breyner Andresen _gil. Luís Noronha da Costa |
|
| 205 | _a30.ª ed | ||
| 210 |
_aPorto _cFigueirinhas _d[199-?] |
||
| 215 |
_a46 p. _cil. |
||
| 300 | _aLivro recomendado pelo PNL | ||
| 606 |
_92126 _aLiteratura juvenil _xConto |
||
| 675 |
_a821.134.3-34 _vBN _zpor |
||
| 700 | 1 |
_97376 _aAndresen _bSofia de Melo Breyner _f1919-2004 |
|
| 702 | 1 |
_915598 _4440 _aCosta _bLuís Noronha _f1942- |
|
| 801 |
_aPT _c20120516 |
||
| 090 | _a48768 | ||
| 942 |
_cMON _n0 |
||
| 999 | _a48768 | ||